LEADER 01653nam a2200253 i 4500 001 000000255026 003 CaOOAMICUS 005 20200526152846.0 008 170719s1764 it u000 u ita u 013 $a233931 026 $ap-l- e.re r-a- raal (3) 1764 (Q) 040 $aSeMil$bita 110 2 $aConfraternita di Santa Liberata .$0(OLS)http://semarc/name/94408 245 10$aNarrativa della sagra funzione tenutasi la domenica primo aprile 1764 nella chiesa di S. Liberata, eretta in S. Leonardo in P. V. di questa cittą di Milano, in occasione che li confratelli ... si sono aggregati alla suddetta Confraternita .. 260 $aMilano :$bNella Stamperia di Francesco Bolzani,$c1764. 300 $a[24], 34, [2] p., [2] carte di tav. :$bill. ;$c8°. 500 $aAntip. calcogr. e ritr. calcogr. di S. Liberata a c. *10. - Fregi e iniz. xilogr. - Segn.: *12 A8 B10. - Data di pubblicazione presdunta nel titolo. 650 4$aCongregazioni e confraternite religiose - Milano - Sec. 16.-18.$0(OLS)http://semarc/subject/49109 700 1 $aBolzani, Francesco,$c.$0(OLS)http://semarc/name/26361 850 $aSeMil 852 $aSeMil$W1$xVenegono$y1$m3Z I 2/10 FA$j205372$B205372$CSeMilBibl$Z2$F218746 $8I 996 $6245$aNarrativa della sagra funzione tenutasi la domenica primo aprile 1764 nella chiesa di S. Liberata, eretta in S. Leonardo in P. V. di questa cittą di Milano, in occasione che li confratelli ... si sono aggregati alla suddetta Confraternita ..$9(OLS)http://semarc/title/411381 996 $6260$aMilano :$bNella Stamperia di Francesco Bolzani$9(OLS)http://semarc/publisher/57554 LEADER 01349nam a2200277 i 4500 001 000000035877 003 CaOOAMICUS 005 20091127000000.0 008 091127s1989 be u000 u fre u 013 $a4759 040 $aSeMil$bita 100 1 $aVarghese, Baby.$0(OLS)http://semarc/name/16805 245 14$aLes onctions baptismales dans la tradition syrienne /$cPar Baby Varghese. 260 $aLovanii :$bIn aedibus Peeters,$c1989. 300 $aXXXIII, 348 p. ;$c25 cm. 490 0 $aCorpus Scriptorum Christianorum Orientalium ;$v512. Subsidia ; 82 490 0 $aCorpus Scriptorum Christianorum Orientalium. Subsidia ;$vTomus82 650 4$aBattesimo orientale - Teologia.$0(OLS)http://semarc/subject/6659 650 4$aBattesimo orientale - Storia.$0(OLS)http://semarc/subject/6660 830 0$aCorpus Scriptorum Christianorum Orientalium ;$v512. Subsidia ; 82.$0(OLS)http://semarc/title/77 830 0$aCorpus Scriptorum Christianorum Orientalium. Subsidia ;$vTomus82.$0(OLS)http://semarc/title/9539 850 $aSeMil 852 $aSeMil$W1$xVenegono$y1$m2S III 512$j2032$B2032$CSeMilBibl$Z2$F2032 $81 961 $aAcquisto: Casa editrice 996 $6245$aLes onctions baptismales dans la tradition syrienne$9(OLS)http://semarc/title/49349 996 $6260$aLovanii :$bIn aedibus Peeters$9(OLS)http://semarc/publisher/30114